Nanotechnology and biology of plant and water conservation / (Record no. 757154)
[ view plain ]
| 000 -LEADER | |
|---|---|
| fixed length control field | 00357nam a22001337a 4500 |
| 020 ## - INTERNATIONAL STANDARD BOOK NUMBER | |
| ISBN | 9789391972615 |
| 082 ## - DEWEY DECIMAL CLASSIFICATION NUMBER | |
| Classification number | 631.7 BHA.N |
| 100 ## - MAIN ENTRY--AUTHOR NAME | |
| Personal name | Bhardwaj, R.K. |
| 245 ## - TITLE STATEMENT | |
| Title | Nanotechnology and biology of plant and water conservation / |
| 260 ## - PUBLICATION, DISTRIBUTION, ETC. (IMPRINT) | |
| Place of publication | Jaipur : |
| Name of publisher | Agrotech press , |
| Year of publication | c2014. |
| 300 ## - PHYSICAL DESCRIPTION | |
| Number of Pages | 268 p. |
| 942 ## - ADDED ENTRY ELEMENTS (KOHA) | |
| Source of classification or shelving scheme | Dewey Decimal Classification |
| Koha item type | Book |
| Withdrawn status | Lost status | Source of classification or shelving scheme | Damaged status | Not for loan | Home Library | Current Location | Shelving location | Date acquired | Source of acquisition | Full call number | Accession Number | Price effective from | Koha item type |
|---|---|---|---|---|---|---|---|---|---|---|---|---|---|
| Dewey Decimal Classification | Dept. of Botany | Dept. of Botany | General Stacks | 26/02/2026 | Southern book star | 631.7 BHA.N | BOT10955 | 26/02/2026 | Book |
